Los nuevos supuestos para fincar capitales constitutivos

Bibliographic Details
Main Author: Da̕z Delgado, Joaqun̕
Format: Unknown
Language:Spanish
Published: [Mx̌ico] : Instituto Mexicano de Contadores Pb︢licos, 2009
Subjects:
Online Access:Acceso restringido

MARC

LEADER 00000ny a22000003n 4500
005 20110519134437.0
008 110201s2009 mx 000 0 spa d
020 |a 9786077620105 
035 |a 5281 
040 |a BUS  |d vLex 
090 |c 56  |d 56 
100 1 |a Da̕z Delgado, Joaqun̕ 
245 1 4 |a Los nuevos supuestos para fincar capitales constitutivos  |h [Recurso electrn̤ico]  |c  Joaqun̕ Da̕z Delgado 
256 |a Servicio en ln̕ea 
260 |a [Mx̌ico] :  |b Instituto Mexicano de Contadores Pb︢licos,  |c 2009  
506 1 |a Contenido solo disponible en los productos indicados  |d vLex Global  |d vLex Global (Academic Edition, excluding Law Schools)  |d vLex Global (U.S. Academic Edition, Law Schools)  |d vLex Global (U.S. Academic Edition, excluding Law Schools)  |d vLex Global (Academic Edition, Law Schools) 
650 0 7 |a Seguridad social  |2 Tesauro vLex 
650 0 7 |a Derecho tributario  |2 Tesauro vLex 
740 0 |a vLex Libros (Servicios en ln̕ea) 
856 4 0 |u http://vlex.com/source/5281  |z Acceso restringido 
942 |c BOOK 
999 0 |a Social security   |b Mx̌ico